The noble scholar, jurist, historian


 His Excellency Dr. Abdul Wahhab bin Ibrahim Abu Sulaiman, may Allah have mercy on him.


 He was born in Umm Al-Qura in the year 1356 AH.

البلبل في أصول الفقه / (Record no. 13751)

MARC details
000 -LEADER
fixed length control field 01063cam a2200265 i 4500
003 - CONTROL NUMBER IDENTIFIER
control field SA-RiAUC
005 - DATE AND TIME OF LATEST TRANSACTION
control field 20251228090919.0
008 - FIXED-LENGTH DATA ELEMENTS--GENERAL INFORMATION
fixed length control field 251123s1990 su g 000r0 ara c
040 ## - CATALOGING SOURCE
Original cataloging agency SA-RiAUC
Language of cataloging ara
Transcribing agency SA-RiAUC
Description conventions rda
050 4# - LIBRARY OF CONGRESS CALL NUMBER
Item number S2722. 1990
082 04 - DEWEY DECIMAL CLASSIFICATION NUMBER
Classification number 251
090 ## - LOCALLY ASSIGNED LC-TYPE CALL NUMBER (OCLC); LOCAL CALL NUMBER (RLIN)
Classification number (OCLC) (R) ; Classification number, CALL (RLIN) (NR) 251
Local cutter number (OCLC) ; Book number/undivided call number, CALL (RLIN) ص ر ص
100 1# - MAIN ENTRY--PERSONAL NAME
Personal name الصرصري، سليمان بن عبد القوي بن عبد الكريم،
Dates associated with a name 657-716 هجري
Relator term مؤلف.
245 12 - TITLE STATEMENT
Title البلبل في أصول الفقه /
Statement of responsibility, etc. تأليف سليمان بن عبد القوي الطوفي الصرصري الحنبلي.
250 ## - EDITION STATEMENT
Edition statement الطبعة الثانية.
264 #1 - PRODUCTION, PUBLICATION, DISTRIBUTION, MANUFACTURE, AND COPYRIGHT NOTICE
Place of production, publication, distribution, manufacture الرياض :
Name of producer, publisher, distributor, manufacturer مكتبة الإمام الشافعي،
Date of production, publication, distribution, manufacture, or copyright notice 1990
300 ## - PHYSICAL DESCRIPTION
Extent 208 صفحة ؛
Dimensions 20 سم
336 ## - CONTENT TYPE
Content type term نص
Content type code txt
Source rdacontent
Materials specified كتاب
337 ## - MEDIA TYPE
Media type term بدون وسيط
Media type code n
Source rdamedia
338 ## - CARRIER TYPE
Carrier type term مجلد
Carrier type code nc
Source rdacarrier
650 #7 - SUBJECT ADDED ENTRY--TOPICAL TERM
Topical term or geographic name entry element أصول الفقه الإسلامي
Source of heading or term aucsh
650 #7 - SUBJECT ADDED ENTRY--TOPICAL TERM
Topical term or geographic name entry element الشريعة الإسلامية
Source of heading or term aucsh
942 ## - ADDED ENTRY ELEMENTS (KOHA)
Source of classification or shelving scheme Dewey Decimal Classification
Koha item type Books
Suppress in OPAC No
949 ## - LOCAL PROCESSING INFORMATION (OCLC)
a SA-JeALM
d 251123
u mohamedma123
n 1
Holdings
Withdrawn status Lost status Source of classification or shelving scheme Damaged status Not for loan Home library Current library Date acquired Total checkouts Full call number Barcode Date last seen Price effective from Koha item type
    Dewey Decimal Classification     DR AbdElwahab Library DR AbdElwahab Library 12/28/2025   251 ص ر ص 000022042 12/28/2025 12/28/2025 Books